Score 0/7 Timer 03:00
0 Plays Today
Question Answer Wrong Answers
This Venezuelan commander and politician, known colloquially as El Libertador, is born.
1783
Simón Bolívar
87.8%
Toussaint Louverture
2%
Miguel Hidalgo
7%
Antonio José de Sucre
3.2%
At the age of 91, Hulda Crooks climbs this mountain, becoming the oldest person to climb Japan’s highest peak.
1987
Mount Fuji
85.2%
Mount Kilimanjaro
12.6%
Mount Yari
0.6%
Mount Paektu
0.5%
The Quietly Confident Quartet of Australia wins the men's 4 x 100 metre medley relay at the Moscow Olympics, the only time this nation has not won the event at Olympic level.
1980
United States
79.6%
Russia
9.2%
United Kingdom
7.1%
France
2.9%
This state, known as ‘The Volunteer State’ today, becomes the first to be readmitted to the Union following the American Civil War.
1866
Tennessee
79.2%
Georgia
4.4%
South Carolina
6.4%
Kentucky
9.7%
Apollo ______ splashes down safely in the Pacific Ocean.
1969
11
57.3%
10
2.6%
12
1.9%
13
37.6%
The ______ heat wave reaches its peak, sending temperatures to 109 °F in Chicago and 104 °F in Milwaukee.
1935
Dust Bowl
52.8%
Sand Basin
1.4%
Midwest Melt
36.9%
Boiling Depression
8.5%
Simeon Saxe-Coburg-Gotha, the last Tsar of ______ when he was a child, is sworn in as Prime Minister, one of only two former monarchs to regain political power through democratic elections.
2001
Bulgaria
37.3%
Ukraine
20.3%
Finland
12.6%
Russia
28.4%
Come Together.
Have Fun.
All Virtual.
We all need to come together. Play Sporcle's virtual live trivia to have fun, connect with people, and get your trivia on. Join a live hosted trivia game for your favorite pub trivia experience done virtually. If a virtual private party is more your thing, go here for details.

You're not logged in!

Compare scores with friends on all Sporcle quizzes.
OR
Log In

Sporcle TV

Today on Sporcle TV


Watch our educational content, quiz creation guides, and fun videos on Sporcle TV.

Show Comments

Extras

Top Quizzes Today


Score Distribution

Paid Content

Your Account Isn't Verified!

In order to create a playlist on Sporcle, you need to verify the email address you used during registration. Go to your Sporcle Settings to finish the process.

Report this User

Report this user for behavior that violates our Community Guidelines.

Details: